Suomen kunnat, joiden nimessä on useampi E - Statistics

Yleistilastot
  • Tätä visaa on pelattu 152 kertaa
  • Keskiarvotulos 14 / 17
Vastaustilastot
Maakunta Kunta % Oikein
2 x E Lappi Enontekiö
97%
2 x E Ahvenanmaa Eckerö
89%
2 x E Etelä-Karjala Lappeenranta
89%
3 x E Lappi Pelkosenniemi
89%
3 x E Pohjois-Pohjanmaa Kempele
86%
2 x E Pirkanmaa Tampere
83%
3 x E Pohjois-Savo Keitele
82%
2 x E Kanta-Häme Hämeenlinna
80%
2 x E Pohjois-Karjala Heinävesi
80%
2 x E Pohjois-Savo Vieremä
80%
2 x E Pohjois-Karjala Kitee
79%
2 x E Pirkanmaa Hämeenkyrö
77%
3 x E Pohjanmaa Pedersören kunta
77%
2 x E Keski-Suomi Petäjävesi
75%
2 x E Keski-Suomi Konnevesi
70%
2 x E Pohjois-Savo Pielavesi
69%
2 x E Keski-Pohjanmaa Veteli
68%
Ehtoja vastaavia visoja ei löytynyt
Tulosjakauma
Jokaisen tuloksen saaneiden osuus
Persentiili vastausten määrän mukaan
Tuloshistoriasi
Et ole pelannut tätä visaa